[Event "Marianske Lazne 2023"]
[Site "?"]
[Date "2023.01.17"]
[Round "4.20"]
[White "Ocelak, Jakub"]
[Black "Mica, Marek"]
[Result "1/2-1/2"]
[BlackElo "2244"]
[WhiteElo "2105"]
[LiveChessVersion "1.4.8"]

1. c4 {[%clk 1:30:57]} Nf6 {[%clk 1:30:33]} 2. g3 {[%clk 1:31:20]} e6
{[%clk 1:30:23]} 3. Bg2 {[%clk 1:31:44]} d5 {[%clk 1:30:41]} 4. Nf3
{[%clk 1:32:12]} Bd6 {[%clk 1:26:41]} 5. O-O {[%clk 1:28:21]} O-O
{[%clk 1:26:56]} 6. b3 {[%clk 1:27:20]} b6 {[%clk 1:26:04]} 7. Bb2
{[%clk 1:27:07]} Bb7 {[%clk 1:22:03]} 8. cxd5 {[%clk 1:14:35]} exd5
{[%clk 1:21:45]} 9. Nc3 {[%clk 1:14:33]} a6 {[%clk 1:16:41]} 10. e3
{[%clk 1:13:21]} Nbd7 {[%clk 1:14:48]} 11. Rc1 {[%clk 1:10:19]} Re8
{[%clk 1:11:08]} 12. Ne2 {[%clk 1:09:03]} Rc8 {[%clk 1:05:59]} 13. d4
{[%clk 0:57:59]} Ne4 {[%clk 1:00:41]} 14. Nf4 {[%clk 0:55:56]} Qe7
{[%clk 0:54:38]} 15. Qe2 {[%clk 0:46:55]} Rcd8 {[%clk 0:46:54]} 16. Rfd1
{[%clk 0:45:49]} f6 {[%clk 0:45:11]} 17. h4 {[%clk 0:40:02]} Nf8 {[%clk 0:41:11]}
18. Nd2 {[%clk 0:29:27]} Nxd2 {[%clk 0:36:46]} 19. Qxd2 {[%clk 0:26:35]} Qf7
{[%clk 0:36:11]} 20. Bc3 {[%clk 0:23:44]} Re7 {[%clk 0:33:21]} 21. Bb4
{[%clk 0:22:44]} g5 {[%clk 0:32:07]} 22. hxg5 {[%clk 0:18:05]} fxg5
{[%clk 0:32:12]} 23. Nd3 {[%clk 0:17:23]} Ng6 {[%clk 0:27:00]} 24. Bxd6
{[%clk 0:15:44]} Rxd6 {[%clk 0:27:13]} 25. Qe2 {[%clk 0:15:21]} Kg7
{[%clk 0:24:31]} 26. Qg4 {[%clk 0:14:52]} h6 {[%clk 0:23:11]} 27. Rd2
{[%clk 0:08:11]} a5 {[%clk 0:20:20]} 28. Rdc2 {[%clk 0:06:28]} c6
{[%clk 0:19:02]} 29. Bf1 {[%clk 0:06:13]} Re8 {[%clk 0:17:50]} 30. b4
{[%clk 0:05:48]} axb4 {[%clk 0:14:59]} 31. Nxb4 {[%clk 0:05:37]} Qf6
{[%clk 0:12:50]} 32. Bg2 {[%clk 0:05:02]} Re7 {[%clk 0:11:17]} 33. a4
{[%clk 0:04:38]} Nf8 {[%clk 0:08:33]} 34. Bh3 {[%clk 0:03:23]} c5
{[%clk 0:04:58]} 35. Nd3 {[%clk 0:02:17]} c4 {[%clk 0:03:04]} 36. Ne5
{[%clk 0:02:31]} Bc6 {[%clk 0:02:46]} 37. Nxc6 {[%clk 0:01:14]} Rxc6
{[%clk 0:03:10]} 38. Bg2 {[%clk 0:01:14]} Rd6 {[%clk 0:02:46]} 39. Rb2
{[%clk 0:00:57]} Ra7 {[%clk 0:02:18]} 40. Qd1 {[%clk 0:00:37]} Ra5
{[%clk 0:00:42]} 41. e4 {[%clk 0:21:41]} dxe4 {[%clk 0:30:16]} 42. Rxc4
{[%clk 0:21:33]} Rad5 {[%clk 0:27:36]} 43. Rd2 {[%clk 0:17:30]} Ne6
{[%clk 0:27:42]} 44. Bxe4 {[%clk 0:16:05]} Rxd4 {[%clk 0:28:02]} 45. Rdxd4
{[%clk 0:15:18]} 1/2-1/2

[Event "Marianske Lazne 2023"]
[Site "?"]
[Date "2023.01.17"]
[Round "5.1"]
[White "Kusa, Jakub"]
[Black "Stalmach, Richard"]
[Result "0-1"]
[BlackElo "2423"]
[WhiteElo "2359"]
[LiveChessVersion "1.4.8"]

1. d4 {[%clk 1:30:55]} Nf6 {[%clk 1:30:41]} 2. c4 {[%clk 1:31:07]} g6
{[%clk 1:31:06]} 3. Nc3 {[%clk 1:31:26]} Bg7 {[%clk 1:31:29]} 4. e4
{[%clk 1:31:42]} d6 {[%clk 1:31:39]} 5. Nf3 {[%clk 1:31:44]} O-O {[%clk 1:31:52]}
6. Be2 {[%clk 1:32:03]} e5 {[%clk 1:32:10]} 7. Be3 {[%clk 1:31:26]} Ng4
{[%clk 1:32:03]} 8. Bg5 {[%clk 1:31:49]} f6 {[%clk 1:32:29]} 9. Bc1
{[%clk 1:30:53]} Nc6 {[%clk 1:32:43]} 10. O-O {[%clk 1:30:08]} f5
{[%clk 1:32:02]} 11. dxe5 {[%clk 1:28:54]} Ngxe5 {[%clk 1:31:56]} 12. exf5
{[%clk 1:27:01]} Bxf5 {[%clk 1:31:22]} 13. Be3 {[%clk 1:26:05]} Qd7
{[%clk 1:25:46]} 14. Nxe5 Nxe5 15. Bd4 {[%clk 1:14:40]} Be6 {[%clk 1:14:57]} 16.
Nd5 {[%clk 1:01:37]} c6 {[%clk 1:11:48]} 17. Ne3 {[%clk 1:01:44]} Rf4
{[%clk 1:11:03]} 18. Bxe5 {[%clk 0:55:50]} Bxe5 {[%clk 1:10:29]} 19. Qc2
{[%clk 0:55:41]} Raf8 {[%clk 1:07:33]} 20. g3 {[%clk 0:54:24]} R4f7
{[%clk 1:02:17]} 21. Rad1 {[%clk 0:51:33]} Bh3 {[%clk 0:55:40]} 22. Ng2
{[%clk 0:51:35]} Qc7 {[%clk 0:51:39]} 23. f4 {[%clk 0:43:48]} Qb6+
{[%clk 0:44:42]} 24. c5 {[%clk 0:42:08]} Qxb2 {[%clk 0:44:49]} 25. Qxb2
{[%clk 0:38:09]} Bxb2 {[%clk 0:45:15]} 26. cxd6 {[%clk 0:38:18]} Rd7
{[%clk 0:44:59]} 27. g4 {[%clk 0:37:53]} Ba3 {[%clk 0:37:10]} 28. Rd3
{[%clk 0:36:15]} Bc5+ {[%clk 0:37:25]} 29. Kh1 {[%clk 0:36:38]} Bxg2+
{[%clk 0:33:03]} 30. Kxg2 {[%clk 0:37:03]} Rxd6 {[%clk 0:33:30]} 31. Rxd6
{[%clk 0:34:49]} Bxd6 {[%clk 0:33:58]} 32. f5 {[%clk 0:34:50]} gxf5
{[%clk 0:32:00]} 33. gxf5 {[%clk 0:33:55]} Kg7 {[%clk 0:31:23]} 34. Rf3
{[%clk 0:29:43]} h6 {[%clk 0:28:30]} 35. Bc4 {[%clk 0:28:07]} Kf6
{[%clk 0:23:54]} 36. Be6 {[%clk 0:22:33]} Rd8 {[%clk 0:17:59]} 37. h3
{[%clk 0:21:17]} Be5 {[%clk 0:15:56]} 38. Ra3 {[%clk 0:19:53]} Rd2+
{[%clk 0:16:13]} 39. Kf3 {[%clk 0:18:40]} Bb8 {[%clk 0:11:56]} 40. Bc8
{[%clk 0:15:47]} b6 {[%clk 0:10:49]} 41. Be6 {[%clk 0:11:07]} Rd4
{[%clk 0:01:03]} 42. Re3 {[%clk 0:06:10]} c5 {[%clk 0:27:42]} 43. Ke2
{[%clk 0:33:47]} Be5 {[%clk 0:23:04]} 44. Ra3 {[%clk 0:31:37]} a5
{[%clk 0:22:08]} 45. Rb3 {[%clk 0:31:23]} Bc7 {[%clk 0:21:18]} 46. Rd3
{[%clk 0:29:15]} Re4+ {[%clk 0:21:41]} 47. Kd1 {[%clk 0:29:02]} Be5
{[%clk 0:20:09]} 48. Rd7 {[%clk 0:28:32]} Kg5 {[%clk 0:15:39]} 49. Rb7
{[%clk 0:27:22]} Rb4 {[%clk 0:16:04]} 50. a3 {[%clk 0:25:52]} Rb2
{[%clk 0:15:51]} 51. Rh7 {[%clk 0:24:18]} Rh2 {[%clk 0:11:30]} 52. Rb7
{[%clk 0:20:34]} Rb2 {[%clk 0:11:56]} 53. Rh7 {[%clk 0:20:26]} b5
{[%clk 0:06:33]} 54. h4+ {[%clk 0:20:00]} Kh5 {[%clk 0:06:26]} 55. Bf7+
{[%clk 0:17:54]} Kxh4 {[%clk 0:06:42]} 56. Rxh6+ {[%clk 0:18:08]} Kg5
{[%clk 0:07:08]} 57. Rc6 {[%clk 0:17:09]} c4 {[%clk 0:07:16]} 58. a4
{[%clk 0:16:04]} c3 {[%clk 0:06:55]} 59. axb5 {[%clk 0:13:17]} a4
{[%clk 0:06:19]} 60. b6 {[%clk 0:07:05]} a3 {[%clk 0:06:23]} 61. f6
{[%clk 0:06:47]} Bxf6 {[%clk 0:05:16]} 62. Rc8 {[%clk 0:04:00]} Be5
{[%clk 0:03:41]} 63. Rc5 {[%clk 0:01:11]} Kf6 {[%clk 0:03:56]} 0-1

[Event "Marianske Lazne 2023"]
[Site "?"]
[Date "2023.01.17"]
[Round "5.2"]
[White "Chen, Qi b"]
[Black "Rasik, Vitezslav"]
[Result "1-0"]
[BlackElo "2427"]
[WhiteElo "2484"]
[LiveChessVersion "1.4.8"]

1. e4 {[%clk 1:30:57]} d6 {[%clk 1:26:59]} 2. d4 {[%clk 1:31:15]} g6
{[%clk 1:26:51]} 3. Nc3 {[%clk 1:31:29]} Bg7 {[%clk 1:27:13]} 4. Be3
{[%clk 1:31:27]} c6 {[%clk 1:25:57]} 5. h3 {[%clk 1:31:12]} Qb6 {[%clk 1:17:47]}
6. Rb1 {[%clk 1:26:40]} Nf6 {[%clk 1:12:29]} 7. g4 {[%clk 1:24:45]} d5
{[%clk 1:03:37]} 8. e5 {[%clk 1:19:25]} Ne4 {[%clk 1:02:01]} 9. Bg2
{[%clk 1:14:13]} O-O {[%clk 0:48:52]} 10. Nge2 {[%clk 1:09:09]} f6
{[%clk 0:45:07]} 11. Nxe4 {[%clk 1:07:01]} dxe4 {[%clk 0:45:30]} 12. O-O
{[%clk 0:59:57]} fxe5 {[%clk 0:42:27]} 13. d5 {[%clk 0:58:31]} Qa5
{[%clk 0:34:40]} 14. c4 {[%clk 0:52:20]} Qxa2 {[%clk 0:28:37]} 15. b3
{[%clk 0:52:27]} Qa5 {[%clk 0:28:03]} 16. Ra1 {[%clk 0:45:48]} Qc7
{[%clk 0:23:43]} 17. Nc3 {[%clk 0:46:07]} Rd8 {[%clk 0:18:53]} 18. Nxe4
{[%clk 0:35:35]} Nd7 {[%clk 0:14:57]} 19. dxc6 {[%clk 0:27:56]} bxc6
{[%clk 0:14:03]} 20. Qc2 {[%clk 0:23:55]} Nf6 {[%clk 0:12:49]} 21. Ra2
{[%clk 0:22:21]} a6 {[%clk 0:11:05]} 22. Nc5 {[%clk 0:21:27]} e4 {[%clk 0:10:26]}
23. Nxe4 {[%clk 0:19:14]} Rb8 {[%clk 0:10:43]} 24. Nc5 {[%clk 0:17:55]} Qd6
{[%clk 0:08:26]} 25. Re1 {[%clk 0:14:17]} h5 {[%clk 0:06:47]} 26. Qxg6
{[%clk 0:12:27]} hxg4 {[%clk 0:06:15]} 27. Rd2 {[%clk 0:09:52]} Nd5
{[%clk 0:04:21]} 28. Qg5 {[%clk 0:09:29]} gxh3 {[%clk 0:03:41]} 29. Be4
{[%clk 0:09:39]} 1-0

[Event "Marianske Lazne 2023"]
[Site "?"]
[Date "2023.01.17"]
[Round "5.3"]
[White "Seemann, Jakub"]
[Black "Natsidis, Christoph"]
[Result "1/2-1/2"]
[BlackElo "2308"]
[WhiteElo "2389"]
[LiveChessVersion "1.4.8"]

1. e4 {[%clk 1:28:31]} c5 {[%clk 1:30:57]} 2. Nf3 {[%clk 1:28:54]} e6
{[%clk 1:31:23]} 3. d4 {[%clk 1:29:21]} cxd4 {[%clk 1:31:49]} 4. Nxd4
{[%clk 1:29:25]} a6 {[%clk 1:32:16]} 5. c4 {[%clk 1:29:49]} Nf6 {[%clk 1:32:41]}
6. Nc3 {[%clk 1:30:15]} Bb4 {[%clk 1:33:05]} 7. Qd3 {[%clk 1:30:35]} d5
{[%clk 1:33:32]} 8. exd5 {[%clk 1:30:58]} exd5 {[%clk 1:33:58]} 9. Be2
{[%clk 1:31:25]} O-O {[%clk 1:34:14]} 10. O-O {[%clk 1:31:33]} Nc6
{[%clk 1:34:38]} 11. Nxc6 {[%clk 1:31:58]} bxc6 {[%clk 1:35:05]} 12. cxd5
{[%clk 1:32:22]} Nxd5 {[%clk 1:35:25]} 13. Nxd5 {[%clk 1:32:47]} Qxd5
{[%clk 1:35:47]} 14. Qg3 {[%clk 1:33:08]} Bd6 {[%clk 1:24:24]} 15. Bf4
{[%clk 1:33:29]} Bxf4 {[%clk 1:24:15]} 16. Qxf4 {[%clk 1:33:57]} Be6
{[%clk 1:19:26]} 17. Rfd1 {[%clk 1:21:17]} Qa5 {[%clk 1:19:07]} 18. a3
{[%clk 1:03:22]} Qb6 {[%clk 1:13:08]} 19. Rd2 {[%clk 0:53:26]} Rfd8
{[%clk 0:55:30]} 20. Rad1 {[%clk 0:49:34]} Rxd2 {[%clk 0:54:22]} 21. Rxd2
{[%clk 0:48:30]} Bd5 {[%clk 0:50:45]} 22. h4 {[%clk 0:46:59]} a5 {[%clk 0:47:38]}
23. Qe5 {[%clk 0:28:30]} Qc5 {[%clk 0:38:19]} 24. Rd3 {[%clk 0:24:49]} Qf8
{[%clk 0:32:57]} 25. Re3 {[%clk 0:22:15]} g6 {[%clk 0:24:39]} 26. h5
{[%clk 0:18:50]} Qg7 {[%clk 0:23:42]} 27. Qe7 {[%clk 0:18:30]} Qxb2
{[%clk 0:17:28]} 28. h6 {[%clk 0:18:21]} Rf8 {[%clk 0:17:52]} 29. Bf1
{[%clk 0:04:17]} Qd4 {[%clk 0:12:38]} 30. g3 {[%clk 0:02:31]} Qh8
{[%clk 0:09:06]} 31. Re5 {[%clk 0:02:23]} f5 {[%clk 0:08:04]} 32. Re6
{[%clk 0:00:43]} f4 {[%clk 0:03:46]} 33. g4 {[%clk 0:00:53]} f3 {[%clk 0:04:04]}
34. g5 {[%clk 0:00:35]} Qd4 {[%clk 0:03:34]} 35. Bh3 {[%clk 0:00:36]} Qa1+
{[%clk 0:02:57]} 36. Re1 {[%clk 0:00:34]} Qd4 {[%clk 0:03:15]} 37. Re4
{[%clk 0:00:34]} Qa1+ {[%clk 0:03:02]} 38. Kh2 {[%clk 0:00:43]} Qb2
{[%clk 0:02:44]} 39. Be6+ {[%clk 0:00:45]} Bxe6 {[%clk 0:03:10]} 40. Qxe6+
{[%clk 0:01:11]} Rf7 {[%clk 0:02:21]} 41. Qe8+ {[%clk 0:26:17]} Rf8
{[%clk 0:32:41]} 42. Qe6+ {[%clk 0:26:42]} Rf7 {[%clk 0:32:45]} 43. Kg3
{[%clk 0:21:39]} Qc1 {[%clk 0:25:33]} 44. Qe8+ {[%clk 0:21:55]} Rf8
{[%clk 0:25:59]} 45. Qe6+ {[%clk 0:22:22]} Rf7 {[%clk 0:26:25]} 1/2-1/2

[Event "Marianske Lazne 2023"]
[Site "?"]
[Date "2023.01.17"]
[Round "5.4"]
[White "Stefansson, Hannes"]
[Black "Adithya, A Chullikkad"]
[Result "1-0"]
[BlackElo "2196"]
[WhiteElo "2526"]
[LiveChessVersion "1.4.8"]

1. d4 {[%clk 1:26:44]} Nf6 {[%clk 1:30:46]} 2. c4 {[%clk 1:27:01]} e6
{[%clk 1:30:58]} 3. Nc3 {[%clk 1:27:19]} Bb4 {[%clk 1:31:05]} 4. Nf3
{[%clk 1:27:33]} O-O {[%clk 1:31:05]} 5. Bg5 {[%clk 1:27:34]} d5 {[%clk 1:30:54]}
6. e3 {[%clk 1:27:05]} h6 {[%clk 1:30:50]} 7. Bh4 {[%clk 1:27:20]} Be7
{[%clk 1:26:51]} 8. Rc1 {[%clk 1:23:35]} Nbd7 {[%clk 1:23:38]} 9. Bd3
{[%clk 1:21:20]} dxc4 {[%clk 1:21:07]} 10. Bxc4 {[%clk 1:21:33]} c5
{[%clk 1:20:57]} 11. O-O {[%clk 1:20:43]} a6 {[%clk 1:09:37]} 12. a4
{[%clk 1:18:38]} Nb6 {[%clk 1:08:34]} 13. Bb3 {[%clk 1:15:11]} cxd4
{[%clk 1:07:30]} 14. exd4 {[%clk 1:15:02]} Nbd5 {[%clk 1:03:27]} 15. Re1
{[%clk 1:14:17]} Nxc3 {[%clk 0:53:44]} 16. bxc3 {[%clk 1:14:41]} b5
{[%clk 0:53:28]} 17. Ne5 {[%clk 1:12:45]} Bb7 {[%clk 0:53:28]} 18. Qd3
{[%clk 1:12:02]} g5 {[%clk 0:36:09]} 19. Bg3 {[%clk 1:12:09]} bxa4
{[%clk 0:33:20]} 20. Bxe6 {[%clk 1:07:55]} Be4 {[%clk 0:31:01]} 21. Rxe4
{[%clk 1:07:47]} fxe6 {[%clk 0:31:08]} 22. Re2 {[%clk 1:07:37]} Qe8
{[%clk 0:30:58]} 23. Ng6 {[%clk 1:07:39]} Rf7 {[%clk 0:31:19]} 24. Rxe6
{[%clk 1:07:42]} a3 {[%clk 0:31:15]} 25. Rce1 {[%clk 1:07:10]} a2
{[%clk 0:31:09]} 26. Qc2 {[%clk 1:06:14]} Kg7 {[%clk 0:29:26]} 27. Ne5
{[%clk 1:05:58]} 1-0

[Event "Marianske Lazne 2023"]
[Site "?"]
[Date "2023.01.17"]
[Round "5.5"]
[White "Gaehwiler, Gabriel"]
[Black "Petr, Martin"]
[Result "1/2-1/2"]
[BlackElo "2508"]
[WhiteElo "2408"]
[LiveChessVersion "1.4.8"]

1. d4 {[%clk 1:25:51]} d5 {[%clk 1:30:56]} 2. c4 {[%clk 1:26:13]} e6
{[%clk 1:31:22]} 3. Nf3 {[%clk 1:26:31]} Nf6 {[%clk 1:31:44]} 4. g3
{[%clk 1:26:52]} dxc4 {[%clk 1:32:07]} 5. Bg2 {[%clk 1:27:13]} a6
{[%clk 1:32:32]} 6. Ne5 {[%clk 1:03:15]} c5 {[%clk 1:31:23]} 7. e3
{[%clk 1:01:26]} Nbd7 {[%clk 1:19:44]} 8. Nxc4 {[%clk 1:00:24]} Nb6
{[%clk 1:17:54]} 9. Ne5 {[%clk 0:58:05]} cxd4 {[%clk 1:09:33]} 10. exd4
{[%clk 0:54:51]} Nbd5 {[%clk 1:08:45]} 11. Nc3 {[%clk 0:48:49]} Be7
{[%clk 1:06:15]} 12. O-O {[%clk 0:47:34]} O-O {[%clk 1:06:42]} 13. Qb3
{[%clk 0:40:48]} Qd6 {[%clk 1:05:29]} 14. Nc4 {[%clk 0:39:04]} Qb4
{[%clk 1:03:17]} 15. Nxd5 {[%clk 0:11:13]} Nxd5 {[%clk 1:03:29]} 16. Qxb4
{[%clk 0:11:29]} Bxb4 {[%clk 1:03:24]} 17. a3 {[%clk 0:11:35]} Be7
{[%clk 1:01:07]} 18. Bxd5 {[%clk 0:06:33]} exd5 {[%clk 1:01:30]} 19. Nb6
{[%clk 0:07:01]} Bh3 {[%clk 1:01:54]} 20. Nxd5 {[%clk 0:06:32]} Bd6
{[%clk 0:48:48]} 21. Re1 {[%clk 0:06:28]} 1/2-1/2

[Event "Marianske Lazne 2023"]
[Site "?"]
[Date "2023.01.17"]
[Round "5.6"]
[White "Pajeken, Jakob Leon"]
[Black "Lalic, Bogdan"]
[Result "1-0"]
[BlackElo "2392"]
[WhiteElo "2449"]
[LiveChessVersion "1.4.8"]

1. e4 {[%clk 1:30:56]} c5 {[%clk 1:22:05]} 2. Nf3 {[%clk 1:31:21]} e6
{[%clk 1:22:15]} 3. d4 {[%clk 1:31:36]} cxd4 {[%clk 1:22:38]} 4. Nxd4
{[%clk 1:32:02]} Nf6 {[%clk 1:22:56]} 5. Nc3 {[%clk 1:32:24]} Nc6
{[%clk 1:23:20]} 6. a3 {[%clk 1:32:36]} d6 {[%clk 1:23:33]} 7. Be3
{[%clk 1:32:21]} Be7 {[%clk 1:23:40]} 8. Be2 {[%clk 1:32:23]} Bd7
{[%clk 1:23:13]} 9. f4 {[%clk 1:29:54]} Nxd4 {[%clk 1:23:31]} 10. Qxd4
{[%clk 1:29:57]} Bc6 {[%clk 1:23:53]} 11. O-O-O {[%clk 1:28:55]} Qa5
{[%clk 1:22:36]} 12. Bf3 {[%clk 1:26:13]} O-O {[%clk 1:20:46]} 13. g4
{[%clk 1:23:16]} e5 {[%clk 1:20:46]} 14. Qb4 {[%clk 1:22:04]} Qc7
{[%clk 1:17:08]} 15. Qc4 {[%clk 1:20:22]} exf4 {[%clk 1:17:17]} 16. Bxf4
{[%clk 1:20:18]} Rac8 {[%clk 1:13:01]} 17. g5 {[%clk 1:14:23]} Nd7
{[%clk 1:13:23]} 18. Bg4 {[%clk 1:14:00]} b5 {[%clk 1:05:35]} 19. Qd4
{[%clk 1:12:04]} Rfd8 {[%clk 1:03:20]} 20. h4 {[%clk 1:06:49]} a5
{[%clk 1:03:21]} 21. Bxd6 {[%clk 0:50:11]} Bxd6 {[%clk 1:03:44]} 22. Qxd6
{[%clk 0:50:37]} Qxd6 {[%clk 1:04:09]} 23. Rxd6 {[%clk 0:50:57]} Ne5
{[%clk 1:04:33]} 24. Rxd8+ {[%clk 0:48:58]} Rxd8 {[%clk 1:04:59]} 25. Rd1
{[%clk 0:48:48]} Rb8 {[%clk 0:57:05]} 26. Be2 {[%clk 0:48:47]} b4
{[%clk 0:57:29]} 27. axb4 {[%clk 0:47:52]} axb4 {[%clk 0:57:52]} 28. Nd5
{[%clk 0:48:12]} b3 {[%clk 0:58:17]} 29. c4 {[%clk 0:46:49]} Kf8 {[%clk 0:58:40]}
30. Kd2 {[%clk 0:46:51]} Nd7 {[%clk 0:58:59]} 31. Kc3 {[%clk 0:45:55]} Nc5
{[%clk 0:59:11]} 32. Kd4 {[%clk 0:46:03]} Ne6+ {[%clk 0:58:34]} 33. Ke5
{[%clk 0:46:00]} Ra8 {[%clk 0:57:52]} 34. Bg4 {[%clk 0:37:04]} Ra4
{[%clk 0:57:56]} 35. Bxe6 {[%clk 0:35:05]} fxe6 {[%clk 0:58:19]} 36. Nb6
{[%clk 0:34:50]} Rb4 {[%clk 0:54:10]} 37. Rd8+ {[%clk 0:34:16]} Kf7
{[%clk 0:54:34]} 38. Rb8 {[%clk 0:34:43]} Kg6 {[%clk 0:54:54]} 39. Kd4
{[%clk 0:34:43]} 1-0

[Event "Marianske Lazne 2023"]
[Site "?"]
[Date "2023.01.17"]
[Round "5.7"]
[White "Leisch, Lukas"]
[Black "Finek, Vaclav"]
[Result "0-1"]
[BlackElo "2406"]
[WhiteElo "2378"]
[LiveChessVersion "1.4.8"]

1. e4 {[%clk 1:30:55]} c5 {[%clk 1:30:50]} 2. Nf3 {[%clk 1:31:18]} g6
{[%clk 1:31:09]} 3. d4 {[%clk 1:31:35]} cxd4 {[%clk 1:31:33]} 4. Nxd4
{[%clk 1:31:59]} Bg7 {[%clk 1:31:59]} 5. c4 {[%clk 1:32:16]} Nc6 {[%clk 1:32:12]}
6. Be3 {[%clk 1:32:38]} Nf6 {[%clk 1:32:31]} 7. Nc3 {[%clk 1:32:59]} O-O
{[%clk 1:32:40]} 8. Be2 {[%clk 1:32:08]} d6 {[%clk 1:33:05]} 9. f3
{[%clk 1:32:30]} Bd7 {[%clk 1:32:59]} 10. Qd2 {[%clk 1:32:39]} Nxd4
{[%clk 1:31:52]} 11. Bxd4 {[%clk 1:33:01]} a5 {[%clk 1:31:44]} 12. h4
{[%clk 1:33:06]} a4 {[%clk 1:18:28]} 13. h5 {[%clk 1:33:19]} Be6 {[%clk 1:11:31]}
14. Nd5 {[%clk 1:11:51]} Bxd5 {[%clk 1:09:20]} 15. exd5 {[%clk 1:07:56]} Qa5
{[%clk 0:58:08]} 16. Bc3 {[%clk 0:59:12]} Qc7 {[%clk 0:52:51]} 17. a3
{[%clk 0:52:03]} Rac8 {[%clk 0:46:46]} 18. g4 {[%clk 0:51:40]} b5
{[%clk 0:42:59]} 19. cxb5 {[%clk 0:48:35]} Qb7 {[%clk 0:40:16]} 20. O-O-O
{[%clk 0:37:34]} Rc5 {[%clk 0:34:14]} 21. Kb1 {[%clk 0:37:37]} Rxd5
{[%clk 0:32:14]} 22. Qc2 {[%clk 0:37:45]} Rc5 {[%clk 0:29:01]} 23. Qd2
{[%clk 0:26:17]} Rfc8 {[%clk 0:24:56]} 24. Bd4 {[%clk 0:25:32]} Rc2
{[%clk 0:18:45]} 25. Qd3 {[%clk 0:14:00]} e5 {[%clk 0:10:54]} 26. Bc3
{[%clk 0:13:11]} R2xc3 {[%clk 0:11:20]} 27. bxc3 {[%clk 0:13:35]} e4
{[%clk 0:10:39]} 28. Qxd6 {[%clk 0:09:12]} exf3 {[%clk 0:09:55]} 29. Bd3
{[%clk 0:09:33]} Nd5 {[%clk 0:08:25]} 30. c4 {[%clk 0:09:07]} Nc3+
{[%clk 0:08:30]} 31. Kc2 {[%clk 0:09:35]} Nxb5 {[%clk 0:07:03]} 32. Qb4
{[%clk 0:09:39]} Nd4+ {[%clk 0:07:29]} 33. Kb1 {[%clk 0:08:25]} Qc7
{[%clk 0:06:03]} 34. Ka2 {[%clk 0:08:36]} Rb8 {[%clk 0:05:52]} 35. Qd2
{[%clk 0:07:57]} Qc5 {[%clk 0:01:39]} 36. hxg6 {[%clk 0:06:39]} hxg6
{[%clk 0:01:53]} 37. Rb1 {[%clk 0:06:07]} Rb3 {[%clk 0:01:33]} 38. Rxb3
{[%clk 0:05:49]} axb3+ {[%clk 0:02:02]} 39. Kb1 {[%clk 0:06:12]} Qxa3
{[%clk 0:01:40]} 40. Qb2 {[%clk 0:05:26]} Qa7 {[%clk 0:00:38]} 41. Qa1
{[%clk 0:02:57]} Qb8 {[%clk 0:25:29]} 42. Qa6 {[%clk 0:27:46]} Ne2
{[%clk 0:20:51]} 43. Bxe2 {[%clk 0:17:25]} fxe2 {[%clk 0:21:13]} 44. Re1
{[%clk 0:17:35]} Qe8 {[%clk 0:19:19]} 45. Qb7 {[%clk 0:16:23]} Bc3
{[%clk 0:18:21]} 0-1

[Event "Marianske Lazne 2023"]
[Site "?"]
[Date "2023.01.17"]
[Round "5.8"]
[White "Niedbala, Bartlomiej"]
[Black "Sorm, Daniel"]
[Result "1-0"]
[BlackElo "2302"]
[WhiteElo "2390"]
[LiveChessVersion "1.4.8"]

1. e4 {[%clk 1:30:58]} c5 {[%clk 1:30:37]} 2. Nf3 {[%clk 1:31:20]} d6
{[%clk 1:30:24]} 3. d4 {[%clk 1:31:45]} cxd4 {[%clk 1:30:49]} 4. Nxd4
{[%clk 1:32:10]} Nf6 {[%clk 1:31:12]} 5. Nc3 {[%clk 1:32:37]} Nc6
{[%clk 1:31:24]} 6. Bg5 {[%clk 1:32:47]} e6 {[%clk 1:31:45]} 7. Qd2
{[%clk 1:33:14]} a6 {[%clk 1:31:46]} 8. O-O-O {[%clk 1:33:36]} Bd7
{[%clk 1:32:10]} 9. Kb1 {[%clk 1:32:31]} Be7 {[%clk 1:26:04]} 10. f3
{[%clk 1:29:42]} Qc7 {[%clk 1:07:50]} 11. h4 {[%clk 1:18:30]} h6 {[%clk 0:59:40]}
12. Be3 {[%clk 1:15:35]} h5 {[%clk 0:56:27]} 13. Bg5 {[%clk 1:13:19]} Ne5
{[%clk 0:51:10]} 14. Be2 {[%clk 1:06:03]} b5 {[%clk 0:45:20]} 15. a3
{[%clk 0:47:34]} Rb8 {[%clk 0:39:07]} 16. b3 {[%clk 0:40:58]} Qc5
{[%clk 0:28:53]} 17. f4 {[%clk 0:32:38]} Nc6 {[%clk 0:17:15]} 18. Nxc6
{[%clk 0:28:42]} Bxc6 {[%clk 0:17:28]} 19. b4 {[%clk 0:23:50]} Qa7
{[%clk 0:15:24]} 20. Bf3 {[%clk 0:16:10]} Qb7 {[%clk 0:11:43]} 21. e5
{[%clk 0:12:18]} dxe5 {[%clk 0:07:47]} 22. fxe5 {[%clk 0:12:36]} Rd8
{[%clk 0:07:47]} 23. Qf4 {[%clk 0:11:41]} Nd5 {[%clk 0:07:42]} 24. Nxd5
{[%clk 0:10:58]} Bxd5 {[%clk 0:07:59]} 25. Bxd5 {[%clk 0:10:12]} Rxd5
{[%clk 0:08:04]} 26. Rxd5 {[%clk 0:10:09]} exd5 {[%clk 0:08:05]} 27. Bf6
{[%clk 0:06:01]} Kf8 {[%clk 0:04:05]} 28. Rf1 {[%clk 0:04:09]} Rh7
{[%clk 0:02:34]} 29. Bg5 {[%clk 0:02:28]} Bxg5 {[%clk 0:01:53]} 30. hxg5
{[%clk 0:02:30]} g6 {[%clk 0:02:07]} 31. e6 {[%clk 0:02:42]} Qe7 {[%clk 0:00:35]}
32. Qb8+ {[%clk 0:02:56]} Qe8 {[%clk 0:01:01]} 33. e7+ {[%clk 0:03:22]} 1-0